00690pam a2200229 a 4500001000800000005001700008008004100025010001700066020001500083040001800098041000800116042000900124080002100133082002500154100000700179101000800186245007200194906004500266942001200311999001700323952012000340424242420180213034130.0831017s1985 nyua j 001 0 eng  a 83022223  a0070098131 aDLCcDLCdDLC aeng alcac a808..89282 rob00a808..89282 rob219 a23 agju00aEncounters /ceditors, G. Robert Carlsen, Ruth Christoffer Carlsen. a7bcbccorignewd1eocipf19gy-gencatlg 2ddccBK c42341d42341 00102udc40708PËKGa002b002cPËKGd2018-02-13l0o808..89282 robp002-2999160r2018-02-13w2018-02-13yBK